Bài tập thực hành Autocad 2004 : Cơ sở thiết kế hai chiều

Đã lưu trong:
书目详细资料
主要作者: Nguyễn, Tần Minh
格式: 图书
语言:Undetermined
出版: Tp. Hồ Chí Minh Thanh niên 2004
主题:
标签: 添加标签
没有标签, 成为第一个标记此记录!
Thư viện lưu trữ: Trung tâm Học liệu Trường Đại học Cần Thơ
LEADER 00714nam a2200217Ia 4500
001 CTU_95045
008 210402s9999 xx 000 0 und d
020 |c 90000 
082 |a 006.68 
082 |b M312 
100 |a Nguyễn, Tần Minh 
245 0 |a Bài tập thực hành Autocad 2004 : 
245 0 |b Cơ sở thiết kế hai chiều 
245 0 |c Nguyễn Tần Minh, Nguyễn Quang Vinh, Bùi Mai Hạnh 
260 |a Tp. Hồ Chí Minh 
260 |b Thanh niên 
260 |c 2004 
650 |a Autocad ( computer programs ),Computer graphics,Autocad 2000 
650 |x Computer programs 
904 |i Trúc 
980 |a Trung tâm Học liệu Trường Đại học Cần Thơ